000 01315nam0a22002531 4500
001 rc\1147832
005 20260407124158.0
035 _a(NLR Aleph) 006393632
090 _a5172397
_c5172397
100 _a20041129d1980 |||y0rusy50 ca
101 0 _arus
102 _aRU
105 _ay |||||||||
200 1 _aМетодическая программа исследований по теме: "Материальное и моральное стимулирование участников социалистического соревнования в условиях совершенствования хозяйственного механизма"
_fГос. ком. по труду и социал. вопросам, НИИ труда
_gРуководитель темы, к. э. н. Овсянникова М.Л.
_gИсполн. Беляева И.Ф., Родниченко И.И.
210 _aМ.
_cБ. и.
_d1980
215 _a45 с.
_d20
702 1 _aБеляева
_bИ.Ф.
_gИраида Федоровна
_4570
702 1 _aОвсянникова
_bМ.Л.
_gМаргарита Леонтиновна
_4570
712 0 2 _aНИИ труда
_cМосква
_3RU\NLR\AUTH\889965033
_9426279
801 0 _aRU
_bNLR
_gpsbo
801 1 _aRU
_bELAR
_2rusmarc
852 _aNLR
_j80-4/27534
942 _cBOOK
980 _aNB